| 000 | 00888nam a22003017a 4500 | ||
|---|---|---|---|
| 003 | CHAP | ||
| 005 | 20220817042308.0 | ||
| 008 | 971013s1981 r 00010 d | ||
| 010 | _a39975 | ||
| 011 | _a40947 | ||
| 035 | _a45073 | ||
| 040 | _cCHAP | ||
| 082 | _a634.8 f5 | ||
| 100 | 0 | 0 |
_aFlaherty, Donald L. _941210 |
| 245 | _aGrape pest management | ||
| 260 |
_aBarkeley : _bUniversity of California. Division of Agricultural Science, _c1981 |
||
| 300 |
_a312 p. _b: ilus. |
||
| 490 |
_aPublication _v; 4105 |
||
| 590 |
_aBATCH-UPD _b10 _c20130110 _lUCH01 _h1131 |
||
| 590 |
_aCONVERSION _b10 _c20130109 _lUCH01 _h1322 |
||
| 650 | 1 | 4 |
_aUva _xEnfermedades. _9117126 |
| 650 | 1 | 4 |
_aUva _xPlagas. _9117135 |
| 650 | 1 | 4 | _aViticultura. |
| 830 | 0 |
_aPublication _v; 8105 _992792 |
|
| 901 | _aBK | ||
| 942 | _cLIBRO | ||
| 949 |
_a634.8 F5 _bBC _cLIBRO _d33724000210829 _eLIBRO _h58554 _i45073 _mD _si |
||
| 999 |
_c39975 _d39975 |
||